Online
Catalog

El secreto de la flor de oro : (Record no. 25540)

MARC details
000 -CABECERA
campo de control de longitud fija 00897nam a2200253 a 4500
001 - NÚMERO DE CONTROL
campo de control 000026048
005 - FECHA Y HORA DE LA ÚLTIMA TRANSACCIÓN
campo de control 20240523175921.0
008 - DATOS DE LONGITUD FIJA--INFORMACIÓN GENERAL
campo de control de longitud fija 110225s1981 ck a r 000 0 spa d
020 ## - NÚMERO INTERNACIONAL ESTÁNDAR DEL LIBRO
Número Internacional Estándar del Libro 9589196896
040 ## - FUENTE DE LA CATALOGACIÓN
Centro catalogador/agencia de origen DO-SdBNP
Lengua de catalogación spa
Centro/agencia transcriptor BNPHUH
082 ## - NÚMERO DE LA CLASIFICACIÓN DECIMAL DEWEY
Número de clasificación 181
Número de documento/Ítem G982s
049 ## - FONDOS LOCALES (OCLC)
Fondos de biblioteca BNGR
100 1# - ENTRADA PRINCIPAL--NOMBRE DE PERSONA
Nombre de persona Gustav Jung, Carl,
Fechas asociadas al nombre 1875-1961
9 (RLIN) 52986
245 10 - MENCIÓN DE TÍTULO
Título El secreto de la flor de oro :
Resto del título Un libro de la vida chino /
Mención de responsabilidad, etc. Carl Gustav Jung, Richard Wilhelm ; prefacio C G Jung.
260 ## - PUBLICACIÓN, DISTRIBUCIÓN, ETC.
Lugar de publicación, distribución, etc. Santafé de Bogotá, (Colombia) :
Nombre del editor, distribuidor, etc. Editorial Solar,
Fecha de publicación, distribución, etc. 1981?
300 ## - DESCRIPCIÓN FÍSICA
Extensión 168, [8] p. :
Otras características físicas il. ;
Dimensiones 21 cm.
504 ## - NOTA DE BIBLIOGRAFÍA, ETC.
Nota de bibliografía, etc. Incluye referencias bibliográficas
500 ## - NOTA GENERAL
Nota general Incluye notas al pie de las páginas
650 #4 - PUNTO DE ACCESO ADICIONAL DE MATERIA--TÉRMINO DE MATERIA
Término de materia o nombre geográfico como elemento de entrada Filosofía china
9 (RLIN) 52987
650 #0 - PUNTO DE ACCESO ADICIONAL DE MATERIA--TÉRMINO DE MATERIA
Término de materia o nombre geográfico como elemento de entrada Filosofía asiática
9 (RLIN) 41706
650 #4 - PUNTO DE ACCESO ADICIONAL DE MATERIA--TÉRMINO DE MATERIA
Término de materia o nombre geográfico como elemento de entrada Filosofía antigua
9 (RLIN) 1215
700 1# - PUNTO DE ACCESO ADICIONAL--NOMBRE DE PERSONA
Nombre de persona Wilhelm, Richard,
Fechas asociadas al nombre 1873-1930
9 (RLIN) 52988
700 1# - PUNTO DE ACCESO ADICIONAL--NOMBRE DE PERSONA
Nombre de persona Jung, Carl G.
9 (RLIN) 52989
Holdings
Estado de retiro Estado de pérdida Restricciones de uso No para préstamo Código de colección Localización permanente Ubicación/localización actual Ubicación en estantería Fecha de adquisición Número de inventario Total de préstamos Signatura topográfica completa Código de barras Fecha visto por última vez Precio válido a partir de Tipo de ítem Koha
        Monografías: Libros y Folletos General General En catalogación 03.03.2011 LF1   181 G982s 26048-10 25.06.2020 25.06.2020 Préstamo en sala

Powered by Koha